Responses for Show #6883 - Wednesday, July 16, 2014

Contestants

[<< previous game]

Molly Dobbins, a nurse from Double Oak, Texas

Jerome Azbell, a library reference clerk from Smyrna, Tennessee

Ed Patterson, an attorney from Washington, D.C. (whose 1-day cash winnings total $28,400)

[next game >>]

Jeopardy! Round responses

TEXAS WINE
NOT-SO-CURRENT SLANG
NATIVE LANDS
(Alex: You have to name the present-day country where each person was born.)
A CHAPTER IN THE NOVEL
TOYS
HIS LAST NFL TEAM
    $200 21
Twister

Jerome
    $200 25
(Molly: What is tony?)

jake

Molly
Triple Stumper
    $200 10
Mexico

Molly
    $200 1
Moby-Dick

Jerome
    $200 27
Play-Doh

Ed
    $200 7
the Vikings

Molly
    $400 19
blanc

Ed
    $400 20
swell

Ed
    $400 12
Canada

Ed
    $400 9
The World According to Garp

Triple Stumper
    $400 2
Barbie

Molly
    $400 16
the Cardinals

Jerome
    $600 28
(anti)oxidants

Ed
    $600 11
(Ed: What is a [*] cheer?)

Bronx

Ed
    $600 13
Iraq

Ed
    $1,000 4
Heidi

Jerome
    $600 22
Rainbow Loom

Triple Stumper
    $600 17
(Ed: Who are the Raiders?)

the Los Angeles Rams

Ed
Triple Stumper
    $800 29
the Red River Valley

Molly
    $800 3
the bee's knees

Jerome
    $800 14
Colombia

Ed
    $800 5
Les Misérables

Triple Stumper
    $800 23
Thomas the Tank Engine

Jerome
    $800 18
the Seattle Seahawks

Triple Stumper
    $1000 30
Tuscany

Ed
    $1000 8
a bread basket

Ed
    $1000 15
Austria

Jerome
    $1000 6
Doctor Zhivago

Triple Stumper
    $1000 24
(Jerome: What is Sinclair?)
(Ed: What is Getty?)
(Molly: What is BP?)

Hess

EdJeromeMolly
Triple Stumper
    $1000 26
(Molly: Who are the Broncos?)

the Kansas City Chiefs

Molly
Triple Stumper

Scores at the first commercial break (after clue 15):

Ed Jerome Molly
$3,400 $3,000 $800

Scores at the end of the Jeopardy! Round:

Ed Jerome Molly
$4,400 $3,400 -$600

Double Jeopardy! Round responses

SMART STREETS
THE CHORUS
(Alex: We'll give you [*]. You name the artist.)
HEADLINE NEWS
SWEET RELIEF
A CHEMISTRY SET
PUT YOUR LIPS TOGETHER & "BLO"
    $400 9
[Molly calls the category "Street Smarts" when selecting the clue.]

Paris

Ed
    $400 5
(Alex: Falling in L.A., yeah.)

Snow

Ed
    $400 23
BP

Molly
    $400 16
atmosphere

Jerome
    $400 13
(Ed: What is below the belt?)

a low blow

EdJerome
    $1,400 10
(Ed: What is Boston?)

Concord, Massachusetts

Ed
    $800 6
Mike Tyson

Ed
    $800 19
Catholic

Jerome
    $800 14
inorganic

Jerome
    $800 2
bloated

Jerome
    $1200 11
Athens

Ed
    $1200 20
Julio Iglesias & Willie Nelson

Triple Stumper
    $1200 7
Benedict

Molly
    $1200 21
(Ed: What is support?)
(Molly: What is a nerve block?)
(Alex: A nerve block? Be more specific.)
(Molly: What is [*]?)
(Alex: That's it. And we have less than a minute to go now, Molly.)

an epidural

EdMolly
    $3,000 17
(Alex: Nothing?)
[Jerome shakes his head.]

a mole

Jerome
    $1200 3
bloke

Molly
    $1600 12
Watt

Jerome
    $1600 1
wet & dry

Jerome
    $1600 4
Pablo

Ed
    $2000 22
[Molly again refers to the category as "Street Smarts".]

cosmonautics

Jerome
    $2000 15
Americans

Jerome
    $2000 24
[The end-of-round signal sounds.]

CARE

Triple Stumper
    $2000 18
resin

Jerome
    $2000 8
blowback

Molly

Scores at the end of the Double Jeopardy! Round:

Ed Jerome Molly
$5,800 $12,800 $5,400
(lock game)

[wagering suggestions for these scores]

Final Jeopardy! Round responses

20 YEARS AGO IN ENTERTAINMENT
(Alex: [To Ed] You are correct. Yes. Home Improvement, The Santa Clause, Don't Stand Too Close to a Naked Man.)
MollyWho is Bill Murray?
$5,399
EdWho is Tim Allen?
$5,000
JeromeWho is Tim Allen?
$1,199
Tim Allen

Final scores:

Ed Jerome Molly
$10,800 $13,999 $1
2nd place: $2,000 New champion: $13,999 3rd place: $1,000

Game dynamics:

Coryat scores:

Ed Jerome Molly
$7,200 $15,400 $5,400
15 R,
5 W
(including 1 DD)
17 R
(including 1 DD),
2 W
(including 1 DD)
9 R,
3 W

Combined Coryat: $28,000

[game clues] [game scores] [suggest correction]

Game tape date: 2014-03-19
The J! Archive is created by fans, for fans. Scraping, republication, monetization, and malicious use prohibited; this site may use cookies and collect identifying information. See terms. The Jeopardy! game show and all elements thereof, including but not limited to copyright and trademark thereto, are the property of Jeopardy Productions, Inc. and are protected under law. This website is not affiliated with, sponsored by, or operated by Jeopardy Productions, Inc. Join the discussion at JBoard.tv.